Gala 6 OT2023 - Estadísticas

Estadísticas generales
  • Esta prueba ha sido intentada 26 veces
  • La puntuación promedio es 6 de 9
Estadísticas de respuestas
Imagen Hint Respuesta % Correcto
Cris y Naiara El Farsante
100%
Álvaro Mayo y Violeta Flowers
88%
Lucas y Bea Eye Of The Tiger
83%
Chiara MÍA
83%
Grupal Quédate / BZRP Music Sessions #52
75%
Ruslana y Juanjo I Put A Spell On You
63%
Martin Alors On Dance
58%
Álex Márquez Contigo
38%
Paul Thin When The Party's Over
38%
No se encontraron pruebas coincidentes
Distribución de puntuación
Porcentaje de gente con cada puntuación
Porcentaje por número respondido
Historial de tus puntuaciones
No has intentado esta prueba.